00662nam a22002057a 4500003000500000005001700005008004100022010001000063011001000073035001000083040000900093082001500102111008800117245008700205260004600292300001100338490003300349650004100382830003300423CHAP20220329140611.0971013s1960 r 10010 d a54569 a55541 a59693 cCHAP a333.76bS400aSeminario sobre Sistemas de Plantación del Nuevo Mundo (d1957c: San Juan, P.R.) aSistemas de plantaciones en el Nuevo Mundob: estudio y resúmenes de discusiones aWashington :bUnión Panamericana,c1960 a236 p. aEstudios monográficosv; 714aTierrasxTenenciaxAmérica Latina.0 aEstudios monográficosv; 7